[Event "MSR2018s4"]
[Site "?"]
[Date "2018.04.26"]
[Round "8.1"]
[White "Valentova, Sophia"]
[Black "Paverova, Barbora"]
[Result "1-0"]
[BlackElo "1000"]
[WhiteElo "1000"]
[LiveChessVersion "1.4.8"]

1. e4 {[%clk 1:30:58]} e5 {[%clk 1:30:49]} 2. Nf3 {[%clk 1:31:21]} Nc6
{[%clk 1:30:48]} 3. Bc4 {[%clk 1:31:44]} Bc5 {[%clk 1:30:32]} 4. O-O
{[%clk 1:31:25]} d6 {[%clk 1:30:11]} 5. Nc3 {[%clk 1:31:49]} Nf6 {[%clk 1:29:35]}
6. Ng5 {[%clk 1:31:42]} O-O {[%clk 1:29:45]} 7. d3 {[%clk 1:31:05]} Bg4
{[%clk 1:29:03]} 8. Ne2 {[%clk 1:28:57]} Be6 {[%clk 1:27:14]} 9. Nxe6
{[%clk 1:28:23]} fxe6 {[%clk 1:26:50]} 10. Bxe6+ {[%clk 1:27:26]} Kh8
{[%clk 1:26:57]} 11. Be3 {[%clk 1:27:18]} Bxe3 {[%clk 1:25:14]} 12. fxe3
{[%clk 1:27:39]} Rb8 {[%clk 1:22:59]} 13. c3 Qe8 14. Bc4 {[%clk 1:26:26]} Ng4
{[%clk 1:22:34]} 15. d4 {[%clk 1:25:13]} Nxe3 16. Rxf8+ Qxf8 {[%clk 1:21:30]} 17.
Ng3 {[%clk 1:25:07]} Nxd1 {[%clk 1:21:32]} 18. Rxd1 {[%clk 1:25:12]} Na5
{[%clk 1:20:19]} 19. Rf1 {[%clk 1:25:18]} Qe7 {[%clk 1:19:32]} 20. Nf5
{[%clk 1:25:24]} Qg5 {[%clk 1:18:10]} 21. h4 {[%clk 1:25:35]} Qg6
{[%clk 1:15:39]} 22. Ne7 {[%clk 1:25:46]} Qe8 {[%clk 1:14:00]} 23. Nf5
{[%clk 1:23:12]} Nxc4 {[%clk 1:04:23]} 24. b3 {[%clk 1:23:28]} Nd2
{[%clk 1:04:20]} 25. Re1 {[%clk 1:23:36]} Qg6 26. Re2 Nf3+ {[%clk 1:02:28]} 27.
Kf2 {[%clk 1:23:36]} Nxh4 {[%clk 1:02:05]} 28. Ne7 {[%clk 1:23:56]} Qf6+
{[%clk 1:01:30]} 29. Nf5 {[%clk 1:23:14]} Nxf5 30. exf5 Qxf5+ 31. Ke1 Rf8 32. Kd2
Rf6 {[%clk 0:58:43]} 33. Ke1 {[%clk 1:23:29]} Qf1+ 34. Kd2 Qf4+ {[%clk 0:56:59]}
35. Ke1 {[%clk 1:23:20]} exd4 {[%clk 0:56:13]} 36. cxd4 {[%clk 1:23:31]} Qg5
{[%clk 0:54:52]} 37. Re8+ {[%clk 1:23:13]} Rf8 {[%clk 0:54:07]} 38. Rxf8#
{[%clk 1:23:38]} 1-0

[Event "MSR2018s4"]
[Site "?"]
[Date "2018.04.26"]
[Round "8.3"]
[White "Mederlyova, Beata"]
[Black "Cukerova, Livia"]
[Result "0-1"]
[BlackElo "1000"]
[WhiteElo "1000"]
[LiveChessVersion "1.4.8"]

1. e4 {[%clk 1:30:43]} c5 {[%clk 1:30:37]} 2. Nf3 {[%clk 1:31:05]} d6
{[%clk 1:30:32]} 3. d4 {[%clk 1:31:26]} cxd4 {[%clk 1:30:37]} 4. Nxd4
{[%clk 1:31:43]} Nf6 {[%clk 1:30:10]} 5. Nc3 {[%clk 1:32:03]} g6 {[%clk 1:29:49]}
6. Be2 {[%clk 1:31:32]} Bg7 {[%clk 1:29:30]} 7. O-O {[%clk 1:31:34]} O-O
{[%clk 1:29:12]} 8. Be3 {[%clk 1:31:11]} Nc6 {[%clk 1:28:39]} 9. Nb3
{[%clk 1:30:44]} Bd7 {[%clk 1:28:04]} 10. h3 {[%clk 1:23:04]} Rc8
{[%clk 1:27:03]} 11. Nd4 {[%clk 1:20:26]} Qc7 {[%clk 1:25:09]} 12. Nxc6
{[%clk 1:20:43]} Bxc6 {[%clk 1:25:18]} 13. Bf3 {[%clk 1:19:19]} a6
{[%clk 1:21:42]} 14. Rb1 {[%clk 1:18:17]} b5 {[%clk 1:20:39]} 15. Nd5
{[%clk 1:18:02]} Qb7 {[%clk 1:19:37]} 16. Nxf6+ {[%clk 1:17:22]} Bxf6
{[%clk 1:19:28]} 17. Bh6 {[%clk 1:14:16]} Bg7 {[%clk 1:18:06]} 18. Bxg7
{[%clk 1:14:24]} Kxg7 {[%clk 1:18:05]} 19. Qd4+ {[%clk 1:14:24]} Kg8
{[%clk 1:17:48]} 20. Bg4 {[%clk 1:12:58]} Rcd8 {[%clk 1:17:42]} 21. Rfe1
{[%clk 1:09:06]} Rfe8 {[%clk 1:14:40]} 22. Re3 {[%clk 1:08:40]} Bd7
{[%clk 1:14:05]} 23. Be2 {[%clk 1:05:40]} Be6 {[%clk 1:10:26]} 24. Rg3
{[%clk 1:05:25]} Bxa2 {[%clk 1:10:30]} 25. Ra1 {[%clk 1:05:43]} Be6
{[%clk 1:10:23]} 26. h4 {[%clk 1:04:14]} Qc6 {[%clk 1:08:43]} 27. Bd3
{[%clk 1:04:03]} Qc5 {[%clk 1:06:49]} 28. Qxc5 {[%clk 1:03:19]} dxc5
{[%clk 1:07:09]} 29. Rxa6 {[%clk 1:03:18]} c4 {[%clk 1:06:41]} 30. Be2
{[%clk 1:03:32]} Rd2 {[%clk 1:05:51]} 31. Bf3 {[%clk 1:03:29]} Rxc2
{[%clk 1:05:58]} 32. h5 {[%clk 1:03:31]} Rxb2 {[%clk 1:05:19]} 33. hxg6
{[%clk 1:03:26]} hxg6 {[%clk 1:04:27]} 34. Bh5 {[%clk 1:03:25]} Rb1+
{[%clk 1:04:32]} 35. Kh2 {[%clk 1:03:35]} Kg7 {[%clk 1:03:57]} 36. f4
{[%clk 1:02:23]} c3 {[%clk 1:03:57]} 37. f5 {[%clk 1:00:11]} c2 {[%clk 1:00:39]}
38. fxg6 {[%clk 1:00:02]} c1=Q {[%clk 1:00:41]} 39. gxf7+ {[%clk 1:00:21]} Kh8
{[%clk 1:00:50]} 40. fxe8=Q+ {[%clk 0:59:40]} Kh7 {[%clk 1:03:33]} 41. Qg8+
{[%clk 0:59:58]} Bxg8 {[%clk 1:03:43]} 42. Bg6+ {[%clk 1:00:22]} Kh6
{[%clk 1:03:57]} 43. Rh3+ {[%clk 1:00:40]} Kg5 {[%clk 1:04:21]} 44. Rh5+
{[%clk 1:03:24]} Kg4 {[%clk 1:04:29]} 45. Bf5+ {[%clk 1:02:21]} Kxh5
{[%clk 1:04:30]} 46. Kg3 {[%clk 1:02:20]} Qe3+ {[%clk 1:04:41]} 47. Kh2
{[%clk 1:02:37]} Qf4+ {[%clk 1:04:43]} 48. g3 {[%clk 1:02:50]} Qf2+
{[%clk 1:04:54]} 49. Kh3 {[%clk 1:03:03]} Rh1# {[%clk 1:05:13]} 0-1

[Event "MSR2018s4"]
[Site "?"]
[Date "2018.04.26"]
[Round "8.4"]
[White "Hudak, Michal"]
[Black "Durovka, Marek"]
[Result "0-1"]
[BlackElo "1000"]
[WhiteElo "1031"]
[LiveChessVersion "1.4.8"]

1. f4 {[%clk 1:27:14]} Nf6 {[%clk 1:30:25]} 2. Nf3 {[%clk 1:27:36]} d5
{[%clk 1:30:18]} 3. e3 {[%clk 1:27:51]} Bf5 {[%clk 1:30:06]} 4. b3
{[%clk 1:27:57]} g6 {[%clk 1:29:29]} 5. Bb2 {[%clk 1:28:21]} Bg7 {[%clk 1:29:50]}
6. Be2 {[%clk 1:28:41]} O-O {[%clk 1:29:46]} 7. O-O {[%clk 1:29:00]} Nbd7
{[%clk 1:29:53]} 8. Bb5 {[%clk 1:29:17]} c6 {[%clk 1:30:04]} 9. Be2
{[%clk 1:29:35]} Qc7 {[%clk 1:29:48]} 10. d3 {[%clk 1:24:16]} Nc5
{[%clk 1:28:22]} 11. h3 {[%clk 1:22:40]} Nh5 {[%clk 1:22:08]} 12. g4
{[%clk 1:21:23]} Bxb2 {[%clk 1:20:02]} 13. gxf5 {[%clk 1:17:14]} Bxa1
{[%clk 1:20:13]} 14. c3 {[%clk 1:14:52]} f6 {[%clk 1:15:58]} 15. Na3
{[%clk 1:14:56]} Bxc3 {[%clk 1:16:01]} 16. Qc1 {[%clk 1:13:54]} Ng3
{[%clk 1:15:37]} 17. Rf2 {[%clk 1:14:13]} Nxe2+ {[%clk 1:14:59]} 18. Rxe2
{[%clk 1:14:07]} Bb4 {[%clk 1:13:27]} 19. Nc2 {[%clk 1:08:41]} Qb6
{[%clk 1:12:25]} 20. a3 {[%clk 1:08:50]} Nxb3 {[%clk 1:12:02]} 21. Qb1
{[%clk 1:08:20]} Bc3 {[%clk 1:12:02]} 22. Ncd4 {[%clk 1:07:29]} Nxd4
{[%clk 1:12:02]} 23. Qf1 {[%clk 1:04:56]} Nxe2+ {[%clk 1:12:27]} 24. Qxe2
{[%clk 1:04:22]} Qb1+ {[%clk 1:12:46]} 25. Qf1 {[%clk 1:04:02]} Qxf1+
{[%clk 1:13:06]} 26. Kxf1 {[%clk 1:03:51]} e5 {[%clk 1:13:27]} 27. Kg2
{[%clk 1:00:19]} gxf5 {[%clk 1:13:16]} 28. Nh4 {[%clk 0:57:59]} e4
{[%clk 1:12:55]} 29. d4 {[%clk 0:55:29]} b6 {[%clk 1:12:55]} 30. Nxf5
{[%clk 0:55:42]} c5 {[%clk 1:12:19]} 31. Ne7+ {[%clk 0:55:56]} Kf7
{[%clk 1:12:05]} 32. Nxd5 {[%clk 0:55:32]} cxd4 {[%clk 1:08:29]} 33. exd4
{[%clk 0:55:30]} Bxd4 {[%clk 1:08:33]} 34. Nc7 {[%clk 0:55:38]} Rac8
{[%clk 1:08:49]} 35. Nb5 {[%clk 0:55:55]} Rc2+ {[%clk 1:09:03]} 36. Kf1
{[%clk 0:56:17]} Bc5 {[%clk 1:09:00]} 37. Ke1 {[%clk 0:51:06]} e3
{[%clk 1:08:25]} 38. Nxa7 {[%clk 0:50:30]} e2 {[%clk 1:08:30]} 39. Nc6
{[%clk 0:50:44]} Re8 {[%clk 1:08:11]} 40. a4 {[%clk 0:49:43]} Rc1+
{[%clk 1:08:23]} 41. Kd2 {[%clk 0:48:10]} e1=Q+ 42. Kd3 Qd1# 0-1

[Event "MSR2018s4"]
[Site "?"]
[Date "2018.04.26"]
[Round "8.5"]
[White "Strapec, Lukas"]
[Black "Meszaros, Casey Ryan"]
[Result "0-1"]
[BlackElo "1000"]
[WhiteElo "1201"]
[LiveChessVersion "1.4.8"]

1. d4 {[%clk 1:30:03]} d5 {[%clk 1:30:48]} 2. Nf3 {[%clk 1:30:06]} Nf6
{[%clk 1:31:06]} 3. c4 {[%clk 1:30:15]} e6 {[%clk 1:30:45]} 4. Nc3
{[%clk 1:29:15]} Bb4 {[%clk 1:30:18]} 5. Bg5 {[%clk 1:28:26]} O-O
{[%clk 1:29:12]} 6. Rc1 {[%clk 1:22:07]} Nc6 {[%clk 1:22:22]} 7. e3
{[%clk 1:18:48]} Bd7 {[%clk 1:21:33]} 8. a3 {[%clk 1:18:34]} Bxc3+
{[%clk 1:19:13]} 9. Rxc3 {[%clk 1:14:44]} Re8 {[%clk 1:09:43]} 10. Ne5
{[%clk 1:10:49]} Bc8 {[%clk 0:49:25]} 11. Ng4 {[%clk 1:06:54]} e5
{[%clk 0:44:56]} 12. Nxf6+ {[%clk 0:53:01]} gxf6 {[%clk 0:45:11]} 13. Bh6
{[%clk 0:48:29]} exd4 {[%clk 0:44:29]} 14. Qf3 {[%clk 0:43:48]} Qd6
{[%clk 0:34:00]} 15. c5 {[%clk 0:37:02]} Qe5 {[%clk 0:33:32]} 16. Rd3
{[%clk 0:35:54]} Qf5 {[%clk 0:29:55]} 17. Qg3+ {[%clk 0:35:36]} Qg6
{[%clk 0:28:58]} 18. Qxg6+ {[%clk 0:35:33]} fxg6 {[%clk 0:29:06]} 19. Bf4
{[%clk 0:34:48]} dxe3 {[%clk 0:28:03]} 20. Rxe3 {[%clk 0:34:30]} Ne5
{[%clk 0:27:27]} 21. Bb5 {[%clk 0:33:52]} c6 {[%clk 0:27:13]} 22. Be2
{[%clk 0:33:07]} Bd7 {[%clk 0:26:47]} 23. Rb3 {[%clk 0:32:37]} Rab8
{[%clk 0:26:30]} 24. O-O {[%clk 0:32:16]} g5 {[%clk 0:26:27]} 25. Bg3
{[%clk 0:32:06]} f5 {[%clk 0:26:15]} 26. Bxe5 {[%clk 0:31:46]} Rxe5
{[%clk 0:26:28]} 27. Ba6 {[%clk 0:31:54]} Bc8 {[%clk 0:26:23]} 28. f4
{[%clk 0:31:28]} gxf4 {[%clk 0:26:23]} 29. Rxf4 {[%clk 0:31:35]} Re4
{[%clk 0:26:08]} 30. Rxe4 {[%clk 0:31:34]} fxe4 {[%clk 0:26:07]} 31. Rg3+
{[%clk 0:30:55]} Kf8 {[%clk 0:25:53]} 32. Be2 {[%clk 0:30:44]} Be6
{[%clk 0:25:32]} 33. Bg4 {[%clk 0:29:32]} Bxg4 {[%clk 0:25:35]} 34. Rxg4
{[%clk 0:29:52]} e3 {[%clk 0:25:28]} 35. Kf1 {[%clk 0:30:00]} Re8
{[%clk 0:24:40]} 36. Ke2 {[%clk 0:30:05]} b6 {[%clk 0:24:37]} 37. cxb6
{[%clk 0:29:51]} axb6 {[%clk 0:24:46]} 38. Rb4 {[%clk 0:29:47]} b5
{[%clk 0:24:47]} 39. a4 {[%clk 0:29:55]} bxa4 {[%clk 0:24:47]} 40. Rxa4
{[%clk 0:30:05]} Kf7 {[%clk 0:24:28]} 41. Ra7+ {[%clk 0:30:06]} Kg6
{[%clk 0:24:46]} 42. Ra6 {[%clk 0:29:36]} Re6 {[%clk 0:25:02]} 43. b4
{[%clk 0:29:44]} Kf6 {[%clk 0:25:01]} 44. Ra7 {[%clk 0:29:58]} h5
{[%clk 0:24:43]} 45. Rh7 {[%clk 0:30:10]} Kg6 {[%clk 0:24:54]} 46. Ra7
{[%clk 0:30:07]} d4 {[%clk 0:25:04]} 47. Ra1 {[%clk 0:30:05]} Rf6
{[%clk 0:24:47]} 48. Ra6 {[%clk 0:29:55]} Rd6 {[%clk 0:24:04]} 49. Ra1
{[%clk 0:29:53]} Rd5 {[%clk 0:23:47]} 50. Rc1 {[%clk 0:29:54]} Rd6
{[%clk 0:23:42]} 51. Ra1 {[%clk 0:30:06]} Rd5 {[%clk 0:23:36]} 52. Rc1
{[%clk 0:30:19]} Kf5 {[%clk 0:23:07]} 53. Rf1+ {[%clk 0:28:52]} Ke4
{[%clk 0:23:07]} 54. Rd1 {[%clk 0:27:56]} d3+ {[%clk 0:22:52]} 55. Ke1
{[%clk 0:27:12]} Rb5 {[%clk 0:22:07]} 56. h3 {[%clk 0:26:21]} Rxb4
{[%clk 0:22:15]} 57. g4 {[%clk 0:26:58]} hxg4 {[%clk 0:21:56]} 58. hxg4
{[%clk 0:26:41]} Rb2 {[%clk 0:21:46]} 59. g5 {[%clk 0:26:26]} Rg2
{[%clk 0:21:28]} 0-1

[Event "MSR2018s4"]
[Site "?"]
[Date "2018.04.26"]
[Round "8.6"]
[White "Sevcik, Ondrej"]
[Black "Banas, Samuel"]
[Result "1-0"]
[BlackElo "1063"]
[WhiteElo "1209"]
[LiveChessVersion "1.4.8"]

1. e4 {[%clk 1:30:57]} e6 {[%clk 1:25:43]} 2. d4 {[%clk 1:31:17]} d5
{[%clk 1:25:56]} 3. exd5 {[%clk 1:31:30]} exd5 {[%clk 1:26:01]} 4. Bd3
{[%clk 1:31:35]} Nf6 {[%clk 1:22:08]} 5. Nf3 {[%clk 1:29:49]} Bd6
{[%clk 1:16:13]} 6. Nc3 {[%clk 1:29:20]} O-O {[%clk 1:16:21]} 7. Bg5
{[%clk 1:29:24]} Re8+ {[%clk 1:16:30]} 8. Be2 {[%clk 1:29:06]} Nbd7
{[%clk 1:16:00]} 9. Nxd5 {[%clk 1:29:03]} h6 {[%clk 1:16:04]} 10. Nxf6+ Nxf6
{[%clk 1:12:37]} 11. Bh4 {[%clk 1:28:44]} Bd7 {[%clk 1:06:57]} 12. O-O
{[%clk 1:28:53]} Be7 {[%clk 1:04:16]} 13. Bd3 {[%clk 1:29:00]} g6
{[%clk 1:04:22]} 14. Re1 {[%clk 1:28:45]} Nh5 {[%clk 1:00:56]} 15. Bxe7
{[%clk 1:28:24]} Rxe7 {[%clk 1:01:01]} 16. Re2 {[%clk 1:27:50]} Bg4
{[%clk 1:01:08]} 17. Qe1 {[%clk 1:27:53]} Rxe2 {[%clk 1:01:17]} 18. Qxe2
{[%clk 1:28:09]} Bxf3 {[%clk 1:00:28]} 19. Qxf3 {[%clk 1:28:25]} Qg5
{[%clk 0:59:57]} 20. Bc4 {[%clk 1:27:54]} Nf4 {[%clk 1:00:05]} 21. g3
{[%clk 1:27:40]} Ne6 {[%clk 1:00:17]} 22. Re1 {[%clk 1:27:21]} Re8
{[%clk 0:57:04]} 23. Qxb7 {[%clk 1:26:57]} a5 {[%clk 0:56:54]} 24. Bxe6
{[%clk 1:26:32]} fxe6 {[%clk 0:55:29]} 25. Qxc7 {[%clk 1:26:24]} h5
{[%clk 0:54:32]} 26. Qd7 {[%clk 1:26:18]} e5 {[%clk 0:51:20]} 27. Qxe8+
{[%clk 1:26:17]} Kh7 {[%clk 0:51:13]} 28. Rxe5 {[%clk 1:26:12]} Qxe5
{[%clk 0:51:08]} 29. dxe5 {[%clk 1:26:19]} Kg7 {[%clk 0:51:00]} 30. e6
{[%clk 1:26:12]} Kf6 {[%clk 0:50:46]} 31. e7 {[%clk 1:26:10]} Kg7
{[%clk 0:51:15]} 32. Qf8+ {[%clk 1:26:08]} Kh7 {[%clk 0:51:14]} 33. e8=R
{[%clk 1:26:14]} g5 {[%clk 0:51:00]} 34. Re6 {[%clk 1:26:28]} 1-0

[Event "MSR2018s4"]
[Site "?"]
[Date "2018.04.26"]
[Round "8.7"]
[White "Dolnik, Michal"]
[Black "Gobl, Fabian"]
[Result "1-0"]
[BlackElo "1118"]
[WhiteElo "1095"]
[LiveChessVersion "1.4.8"]

1. e4 {[%clk 1:30:42]} e5 {[%clk 1:30:51]} 2. Bc4 {[%clk 1:30:54]} Qe7
{[%clk 1:29:14]} 3. Nf3 {[%clk 1:30:20]} Nf6 {[%clk 1:29:26]} 4. d3
{[%clk 1:30:08]} d6 {[%clk 1:29:17]} 5. h3 {[%clk 1:27:43]} Nc6 {[%clk 1:29:03]}
6. c3 {[%clk 1:27:52]} g6 {[%clk 1:27:02]} 7. Nbd2 {[%clk 1:26:23]} Be6
{[%clk 1:26:12]} 8. Bb5 {[%clk 1:26:06]} d5 {[%clk 1:25:24]} 9. Nxe5
{[%clk 1:23:43]} dxe4 {[%clk 1:25:28]} 10. Nxc6 {[%clk 1:23:53]} Bd7
{[%clk 1:23:41]} 11. Nxe7 {[%clk 1:23:17]} Bxe7 {[%clk 1:23:37]} 12. Bxd7+
{[%clk 1:23:34]} Nxd7 {[%clk 1:23:35]} 13. Nxe4 {[%clk 1:22:10]} O-O
{[%clk 1:23:09]} 14. Bh6 {[%clk 1:18:49]} Rfe8 {[%clk 1:23:08]} 15. O-O
{[%clk 1:19:00]} Rad8 {[%clk 1:23:23]} 16. Qc2 {[%clk 1:18:38]} Nc5
{[%clk 1:22:46]} 17. Nxc5 {[%clk 1:18:47]} Bxc5 {[%clk 1:23:06]} 18. d4
{[%clk 1:19:00]} Bb6 {[%clk 1:20:31]} 19. Rfe1 {[%clk 1:18:37]} Rxe1+
{[%clk 1:20:05]} 20. Rxe1 {[%clk 1:18:56]} 1-0

[Event "MSR2018s4"]
[Site "?"]
[Date "2018.04.26"]
[Round "8.8"]
[White "Kulich, Filip"]
[Black "Zvoda, Matej"]
[Result "0-1"]
[BlackElo "1000"]
[WhiteElo "1000"]
[LiveChessVersion "1.4.8"]

1. e4 {[%clk 1:20:30]} e5 {[%clk 1:30:47]} 2. Nf3 {[%clk 1:19:44]} Nc6
{[%clk 1:31:01]} 3. Bb5 {[%clk 1:20:07]} Nf6 {[%clk 1:31:10]} 4. Bxc6
{[%clk 1:20:25]} dxc6 {[%clk 1:31:07]} 5. O-O {[%clk 1:20:25]} Bg4
{[%clk 1:31:03]} 6. h3 {[%clk 1:20:27]} Bxf3 {[%clk 1:30:00]} 7. Qxf3
{[%clk 1:20:41]} Be7 {[%clk 1:28:47]} 8. Nc3 {[%clk 1:20:04]} O-O
{[%clk 1:28:57]} 9. d3 {[%clk 1:20:24]} Qd7 {[%clk 1:21:08]} 10. Qg3
{[%clk 1:20:42]} Nh5 {[%clk 1:20:33]} 11. Qe3 {[%clk 1:20:50]} Nf4
{[%clk 1:17:55]} 12. g3 {[%clk 1:19:56]} Nxh3+ {[%clk 1:17:57]} 13. Kg2
{[%clk 1:19:08]} Bg5 {[%clk 1:17:56]} 14. Qe1 {[%clk 1:18:46]} Nf4+
{[%clk 1:16:39]} 15. gxf4 {[%clk 1:18:41]} Qg4+ {[%clk 1:16:30]} 16. Kh1
{[%clk 1:18:29]} Qf3+ {[%clk 1:16:14]} 17. Kg1 {[%clk 1:18:47]} Qg4+
{[%clk 1:14:44]} 18. Kh1 {[%clk 1:19:06]} Qh3+ {[%clk 1:13:21]} 19. Kg1
{[%clk 1:19:28]} Bxf4 {[%clk 1:13:32]} 20. Bxf4 {[%clk 1:19:45]} exf4
{[%clk 1:13:32]} 21. f3 {[%clk 1:19:29]} Rae8 {[%clk 1:13:12]} 22. Rf2
{[%clk 1:19:38]} f5 {[%clk 1:13:15]} 23. Rh2 {[%clk 1:19:50]} Qg3+
{[%clk 1:12:17]} 24. Qxg3 {[%clk 1:19:39]} fxg3 {[%clk 1:12:34]} 25. Rg2
{[%clk 1:19:53]} f4 {[%clk 1:12:26]} 26. Ne2 {[%clk 1:20:06]} Re5
{[%clk 1:11:57]} 27. d4 {[%clk 1:20:18]} Rh5 {[%clk 1:11:41]} 28. Nc3
{[%clk 1:19:38]} Rf6 {[%clk 1:10:40]} 29. e5 {[%clk 1:19:52]} Rfh6
{[%clk 1:10:48]} 0-1

[Event "MSR2018s4"]
[Site "?"]
[Date "2018.04.26"]
[Round "8.9"]
[White "Martynek, Filip"]
[Black "Elias, Simon"]
[Result "0-1"]
[BlackElo "1036"]
[WhiteElo "1000"]
[LiveChessVersion "1.4.8"]

1. e4 {[%clk 1:30:57]} e5 {[%clk 1:30:46]} 2. Nf3 {[%clk 1:31:18]} Nc6
{[%clk 1:30:56]} 3. Bc4 {[%clk 1:31:06]} Nf6 {[%clk 1:31:02]} 4. Ng5
{[%clk 1:29:39]} d5 {[%clk 1:31:17]} 5. exd5 {[%clk 1:29:42]} Na5
{[%clk 1:31:13]} 6. d3 {[%clk 1:29:40]} Nxd5 {[%clk 1:30:54]} 7. Nxf7
{[%clk 1:29:11]} Kxf7 {[%clk 1:30:33]} 8. Qf3+ {[%clk 1:29:12]} Ke6
{[%clk 1:29:34]} 9. Nc3 {[%clk 1:28:49]} c6 {[%clk 1:29:42]} 10. d4
{[%clk 1:28:50]} Nxc4 {[%clk 1:29:32]} 11. dxe5 {[%clk 1:29:04]} Nxc3
{[%clk 1:29:18]} 12. Qxc3 {[%clk 1:29:08]} Qh4 {[%clk 1:27:44]} 13. O-O
{[%clk 1:28:02]} b5 {[%clk 1:27:29]} 14. b3 {[%clk 1:27:49]} Nb6 15. Qxc6+
{[%clk 1:27:15]} Kf7 {[%clk 1:27:09]} 16. Be3 {[%clk 1:27:14]} Qd8
{[%clk 1:26:21]} 17. Rad1 {[%clk 1:27:01]} Qe8 {[%clk 1:26:10]} 18. Qc3
{[%clk 1:26:36]} Bb7 {[%clk 1:25:37]} 19. Rfe1 {[%clk 1:25:26]} Rc8
{[%clk 1:24:50]} 20. Qb2 {[%clk 1:25:28]} Qc6 {[%clk 1:25:03]} 21. f3
{[%clk 1:25:17]} Qxc2 {[%clk 1:25:05]} 22. e6+ {[%clk 1:25:13]} Ke8
{[%clk 1:21:43]} 23. Qe5 {[%clk 1:23:22]} h6 {[%clk 1:20:14]} 24. Qxb5+
{[%clk 1:23:17]} Bc6 {[%clk 1:20:13]} 25. Qa6 {[%clk 1:22:36]} Qg6
{[%clk 1:17:37]} 26. Bxb6 {[%clk 1:22:43]} Ra8 {[%clk 1:15:23]} 27. Rd8+
{[%clk 1:22:20]} Rxd8 28. Bxd8 Kxd8 {[%clk 1:14:34]} 29. Qxc6 {[%clk 1:21:59]}
Ke7 {[%clk 1:13:39]} 30. Qd7+ {[%clk 1:21:48]} Kf6 {[%clk 1:13:30]} 31. Qxa7
{[%clk 1:21:32]} Bd6 {[%clk 1:11:49]} 32. Qb6 Be7 {[%clk 1:11:07]} 33. Rc1
{[%clk 1:21:59]} Qg5 {[%clk 1:11:05]} 34. Rc6 {[%clk 1:21:53]} Qd2 35. Qf2 Qd1+
{[%clk 1:10:06]} 36. Qf1 {[%clk 1:22:08]} Qd4+ {[%clk 1:09:59]} 37. Kh1
{[%clk 1:22:26]} Rd8 {[%clk 1:10:05]} 38. Rc1 {[%clk 1:22:33]} Ba3
{[%clk 1:10:11]} 39. Re1 {[%clk 1:22:23]} Re8 {[%clk 1:08:06]} 40. Rd1
{[%clk 1:22:26]} Qb6 {[%clk 1:01:21]} 41. h4 {[%clk 1:21:13]} Rxe6
{[%clk 1:00:55]} 42. g4 {[%clk 1:20:18]} Qe3 {[%clk 0:59:46]} 43. f4
{[%clk 1:20:06]} Qg3 {[%clk 0:58:57]} 44. g5+ {[%clk 1:20:32]} hxg5 45. fxg5+ Kg6
{[%clk 0:58:28]} 46. Qd3+ {[%clk 1:20:40]} Qxd3 {[%clk 0:58:40]} 47. Rxd3
{[%clk 1:20:57]} Re1+ {[%clk 0:58:39]} 48. Kg2 {[%clk 1:21:18]} Re2+
{[%clk 0:59:00]} 49. Kf3 {[%clk 1:21:27]} Rxa2 {[%clk 0:59:13]} 50. Rd7
{[%clk 1:21:25]} Rb2 {[%clk 0:59:00]} 51. Kg4 {[%clk 1:21:39]} Rxb3
{[%clk 0:58:58]} 52. h5+ {[%clk 1:21:54]} Kh7 {[%clk 0:59:19]} 53. g6+
{[%clk 1:22:11]} Kh6 {[%clk 0:58:40]} 54. Ra7 {[%clk 1:22:22]} Rb4+
{[%clk 0:58:46]} 55. Kh3 {[%clk 1:22:20]} Rb3+ {[%clk 0:58:58]} 56. Kg4
{[%clk 1:22:37]} Bc5 {[%clk 0:58:08]} 57. Ra4 {[%clk 1:22:37]} Ba3
{[%clk 0:57:36]} 58. Kh4 {[%clk 1:22:43]} Bb4 {[%clk 0:56:15]} 59. Kg4
{[%clk 1:22:36]} Be7 {[%clk 0:55:32]} 60. Ra8 {[%clk 1:22:52]} Rb4+
{[%clk 0:55:48]} 61. Kh3 {[%clk 1:22:44]} Kxh5 {[%clk 0:56:01]} 62. Ra7
{[%clk 1:22:57]} Rb3+ {[%clk 0:56:00]} 63. Kg2 {[%clk 1:23:18]} Bf6
{[%clk 0:55:35]} 64. Ra6 {[%clk 1:22:34]} Kxg6 {[%clk 0:54:59]} 65. Kf2
{[%clk 1:22:49]} Kg5 {[%clk 0:54:52]} 66. Ra5+ {[%clk 1:23:08]} Kf4
{[%clk 0:54:51]} 67. Ra4+ {[%clk 1:23:19]} Kf5 {[%clk 0:54:59]} 68. Ra5+
{[%clk 1:23:38]} Ke6 {[%clk 0:55:12]} 69. Ra6+ {[%clk 1:23:46]} Kf7
{[%clk 0:55:33]} 70. Ra7+ {[%clk 1:24:04]} Kg6 {[%clk 0:55:54]} 71. Ra6
{[%clk 1:24:13]} Kh7 {[%clk 0:55:54]} 72. Rc6 {[%clk 1:24:21]} Rc3
{[%clk 0:55:07]} 73. Rxc3 {[%clk 1:24:30]} Bxc3 {[%clk 0:55:26]} 74. Ke2
{[%clk 1:24:48]} Kg6 {[%clk 0:55:43]} 75. Kd3 {[%clk 1:25:09]} Ba5
{[%clk 0:55:35]} 76. Ke2 {[%clk 1:25:31]} Kf5 {[%clk 0:55:57]} 77. Kf2
{[%clk 1:25:53]} Bb6+ {[%clk 0:55:54]} 78. Kg2 {[%clk 1:26:03]} Kg4
{[%clk 0:56:12]} 79. Kh1 {[%clk 1:26:17]} Kf3 {[%clk 0:56:09]} 0-1

[Event "MSR2018s4"]
[Site "?"]
[Date "2018.04.26"]
[Round "8.10"]
[White "Sokolsky, David"]
[Black "Roman, Jakub"]
[Result "0-1"]
[BlackElo "1000"]
[WhiteElo "1000"]
[LiveChessVersion "1.4.8"]

1. e4 {[%clk 1:30:59]} e5 {[%clk 1:30:50]} 2. Bc4 {[%clk 1:31:22]} Nf6
{[%clk 1:31:09]} 3. Nc3 {[%clk 1:31:42]} Nc6 {[%clk 1:31:21]} 4. Nf3
{[%clk 1:31:54]} Bc5 {[%clk 1:31:37]} 5. O-O {[%clk 1:32:05]} d6 {[%clk 1:31:22]}
6. d3 {[%clk 1:32:05]} O-O {[%clk 1:32:11]} 7. Bg5 {[%clk 1:32:06]} h6
{[%clk 1:32:31]} 8. Bxf6 {[%clk 1:32:24]} Qxf6 {[%clk 1:32:50]} 9. h3
{[%clk 1:32:35]} Be6 {[%clk 1:32:29]} 10. Bxe6 {[%clk 1:32:48]} fxe6
{[%clk 1:32:51]} 11. Qd2 {[%clk 1:31:22]} g5 {[%clk 1:32:53]} 12. Rae1
{[%clk 1:31:09]} Nd4 {[%clk 1:31:55]} 13. Nxd4 {[%clk 1:30:20]} Bxd4
{[%clk 1:32:08]} 14. Re2 {[%clk 1:30:18]} c6 {[%clk 1:31:59]} 15. a4
{[%clk 1:27:26]} d5 {[%clk 1:32:10]} 16. exd5 {[%clk 1:27:01]} exd5
{[%clk 1:32:14]} 17. Qd1 {[%clk 1:25:08]} h5 {[%clk 1:30:55]} 18. g3
{[%clk 1:23:43]} h4 {[%clk 1:30:52]} 19. gxh4 {[%clk 1:23:43]} gxh4
{[%clk 1:31:02]} 20. Qc1 {[%clk 1:20:46]} Rf7 {[%clk 1:30:38]} 21. Qe1
{[%clk 1:19:45]} Rg7+ {[%clk 1:30:42]} 22. Kh1 {[%clk 1:19:53]} Qf3+
{[%clk 1:30:48]} 23. Kh2 {[%clk 1:19:52]} Qg2# {[%clk 1:31:07]} 0-1